Hotovostný peňažný obeh v SR v roku 2014

Hotovostný peňažný obeh v SR bol v roku 2014 charakterizovaný pretrvávajúcim dopytom po hotovostných peniazoch. Pokračovala emisia nových eurobankoviek a druhou v poradí bola eurobankovka v nominálnej hodnote 10 €, emitovaná 23. septembra 2014. Hodnotenie vývoja základných ukazovateľov hotovostného...

Descripción completa

Guardado en:
Detalles Bibliográficos
Autor principal: Vlnková, Milada
Formato: Capítulo de libro
Lenguaje:eslovaco
Materias:
Etiquetas: Agregar Etiqueta
Sin Etiquetas, Sea el primero en etiquetar este registro!

MARC

LEADER 00000naa a2200000 4500
001 0201697
005 20221019174200.3
041 0 |a slo 
044 |a SK 
245 1 0 |a Hotovostný peňažný obeh v SR v roku 2014  |c Milada Vlnková 
520 |a Hotovostný peňažný obeh v SR bol v roku 2014 charakterizovaný pretrvávajúcim dopytom po hotovostných peniazoch. Pokračovala emisia nových eurobankoviek a druhou v poradí bola eurobankovka v nominálnej hodnote 10 €, emitovaná 23. septembra 2014. Hodnotenie vývoja základných ukazovateľov hotovostného peňažného obehu v SR s dôrazom na skutočnosť, že za šesť rokov po zavedení eura v SR hodnota „obehu“ eurobankoviek napriek nárastu bezhotovostných platieb stále rastie, hoci tempo rastu sa postupne spomaľuje. 
610 2 0 |a obeh peňažný 
610 2 0 |a Slovensko 
610 2 0 |a platby bezhotovostné 
610 2 0 |a platby v hotovosti 
100 1 |a Vlnková, Milada